ბათუმის შოთა რუსთაველის სახელმწიფო უნივერსიტეტის ბიბლიოთეკა

Ветеринарная энциклопедия Т.6. Токсикологический анализ кортов-Ящур. дополнения,указатель. (ბიბ.ჩანაწერი № 44416)

000 -LEADER
fixed length control field 00857nam a2200205Ia 4500
001 - CONTROL NUMBER
control field 11182
003 - CONTROL NUMBER IDENTIFIER
control field GE_BSU
008 - FIXED-LENGTH DATA ELEMENTS--GENERAL INFORMATION
fixed length control field 181216s||||||||xx |||||||||||||| ||und||
040 ## - CATALOGING SOURCE
Transcribing agency GE_BSU
080 ## - UNIVERSAL DECIMAL CLASSIFICATION NUMBER
Universal Decimal Classification number 619(031)
245 ## - TITLE STATEMENT
Title Ветеринарная энциклопедия Т.6. Токсикологический анализ кортов-Ящур. дополнения,указатель.
245 ## - TITLE STATEMENT
Statement of responsibility, etc. Гл.ред.К.И.Скрябин.
260 ## - PUBLICATION, DISTRIBUTION, ETC.
Place of publication, distribution, etc. Москва
260 ## - PUBLICATION, DISTRIBUTION, ETC.
Name of publisher, distributor, etc. Советская энциклопедия.
260 ## - PUBLICATION, DISTRIBUTION, ETC.
Date of publication, distribution, etc. 1976.
300 ## - PHYSICAL DESCRIPTION
Extent 1030стр,27см.
520 ## - SUMMARY, ETC.
Summary, etc. Энциклопедии словари справочники.
653 ## - INDEX TERM--UNCONTROLLED
Uncontrolled term Ветеринарная энциклопедия Т.6. Токсикологический анализ кортов-Ящур. дополнения,указатель.
942 ## - ADDED ENTRY ELEMENTS (KOHA)
Koha item type წიგნი
ეგზემპლარები
Withdrawn status Lost status Damaged status Not for loan Date acquired Barcode Date last seen Price effective from Koha item type
        2018-12-17 19366 2018-12-17 2018-12-17 წიგნი